01734cam a22004097a 4500003000500000005001700005008004100022010001000063011001000073035001000083040000900093090001000102100004700112245019600159260004100355300004100396502007700437590003700514590004100551590004100592590004100633590004100674590004100715590004200756650002400798650003700822650002200859650002300881901000700904905002300911942000900934949005500943949004200998999001701040952014001057952012701197CHAP20220817043651.0000515d2000 mx r 00110 spa d a81126 a82098 a92584 cCHAP aTesis00aValencia Palafox, Agustín Pedro.911743010aEfecto de las estrategias de producción sobre las condiciones microclimáticas en diferentes agrosistemas cafetaleros en Ixhuatlán del Café, Ver.c/por Agustín Pedro Valencia Palafox aChapingo, Méx. :bEl autor,c2000. a135 h. :bgráfs. ; cuadro ; anexos aTesis (Ing. Agr. Esp. en Fitotecnia) -- UACH. Departamento de Fitotecnia aALEPHb10c20130110lUCH01h1435 aBATCH-UPDb10c20130109lUCH01h2353 aBATCH-UPDb10c20130110lUCH01h1020 aBATCH-UPDb10c20130409lUCH01h1926 aBATCH-UPDb10c20130410lUCH01h0626 aBATCH-UPDb10c20130914lUCH01h0259 aCONVERSIONb10c20130109lUCH01h134514aAgrosistemas.9221214aCaféxEfecto del clima.91713014aCafézVeracruz.14aMicroclima.975504 aBK aGuadalupe Pinto C. cFOLL bBCcTESd33724000780631eTS2fc.2h36214i92584si bBCcTESd925841eTS1h36213i92584sb c81126d81126 00102local4053708TESISaBCbBCcPA_TESISd2019-12-31fTESISl0oTesisp33724000780631r2019-12-31 00:00:00tc.2w2019-12-31yTESIS 00102local4051708TESISaBCbBCcPA_TESISd2019-12-31fTESISl0oTesisp925841r2019-12-31 00:00:00w2019-12-31yTESIS